000 00563cam a22002171 4500
001 sa 64002174
003 DLC
005 20260227112008.0
008 890720s1963 ii a 000 1 hino
010 _asa 64002174
035 _a(OCoLC)20040914
040 _aDLC
_cWaU
_dOCoLC
_dDLC
042 _apremarc
050 0 0 _aPK2077
_b.I5
110 1 _aIndia.
_bMinistry of Information and Broadcasting.
245 1 0 _aAitihāsika kahāniyāṃ.
260 _c[1963]
300 _a105 p.
_billus.
_c21 cm.
500 _aIn Hindi.
650 0 _aShort stories, Hindi.
999 _c57201
_d57201